ბათუმის შოთა რუსთაველის სახელმწიფო უნივერსიტეტის ბიბლიოთეკა

XX საუკუნის მსოფლიო ეკონომიკის კონცეპტუალური ანალიზი და საქართველოს ეკონომიკური პორტრეტი (ბიბ.ჩანაწერი № 51337)

000 -LEADER
fixed length control field 01088nam a2200241Ia 4500
001 - CONTROL NUMBER
control field 18306
003 - CONTROL NUMBER IDENTIFIER
control field GE_BSU
008 - FIXED-LENGTH DATA ELEMENTS--GENERAL INFORMATION
fixed length control field 181216s||||||||xx |||||||||||||| ||und||
020 ## - INTERNATIONAL STANDARD BOOK NUMBER
International Standard Book Number 9789941913433
040 ## - CATALOGING SOURCE
Transcribing agency GE_BSU
080 ## - UNIVERSAL DECIMAL CLASSIFICATION NUMBER
Universal Decimal Classification number 338(100)
100 ## - MAIN ENTRY--PERSONAL NAME
Personal name ასათიანი, როზეტა
245 ## - TITLE STATEMENT
Title XX საუკუნის მსოფლიო ეკონომიკის კონცეპტუალური ანალიზი და საქართველოს ეკონომიკური პორტრეტი
245 ## - TITLE STATEMENT
Statement of responsibility, etc. მეცნ.რედ. ნ. ჭითანავა
260 ## - PUBLICATION, DISTRIBUTION, ETC.
Place of publication, distribution, etc. თბილისი
260 ## - PUBLICATION, DISTRIBUTION, ETC.
Name of publisher, distributor, etc. სიახლე
260 ## - PUBLICATION, DISTRIBUTION, ETC.
Date of publication, distribution, etc. 2015
300 ## - PHYSICAL DESCRIPTION
Extent 139გვ.21სმ.
300 ## - PHYSICAL DESCRIPTION
Accompanying material ბიბლ.გვ.126-137
653 ## - INDEX TERM--UNCONTROLLED
Uncontrolled term XX საუკუნის მსოფლიო ეკონომიკის კონცეპტუალური ანალიზი და საქართველოს ეკონომიკური პორტრეტი
942 ## - ADDED ENTRY ELEMENTS (KOHA)
Koha item type წიგნი
ეგზემპლარები
Withdrawn status Lost status Damaged status Not for loan Date acquired Barcode Date last seen Price effective from Koha item type
        2018-12-17 46695 2018-12-17 2018-12-17 წიგნი
        2018-12-17 46699 2018-12-17 2018-12-17 წიგნი
        2018-12-17 46698 2018-12-17 2018-12-17 წიგნი
        2018-12-17 46697 2018-12-17 2018-12-17 წიგნი
        2018-12-17 46696 2018-12-17 2018-12-17 წიგნი